Villes françaises et régions (lettre Q/U/W/X/Y/Z) - Statistiques

Statistiques générales
  • Ce quiz a été pris 15 fois
  • Le résultat moyen est 15 sur 25
Statistiques - réponses
Hint Réponse % Correct
Quimper Bretagne
100%
Zillisheim Grand Est
92%
Wattrelos Hauts-de-France
92%
Quiberon Bretagne
85%
Yvetot Normandie
85%
Ugine Auvergne-Rhône-Alpes
77%
Zonza Corse
77%
Uzès Occitanie
77%
Urrugne Nouvelle-Aquitaine
69%
Yvoire Auvergne-Rhône-Alpes
62%
Yerres Île-de-France
62%
Yssingeaux Auvergne-Rhône-Alpes
54%
Woippy Grand Est
54%
Quincy-sous-Sénart Île-de-France
54%
Ussel Nouvelle-Aquitaine
54%
Yzeure Auvergne-Rhône-Alpes
46%
Wissant Hauts-de-France
46%
Quillan Occitanie
46%
Ubaye-Serre-Ponçon Provence-Alpes-Côte-d'Azur
46%
Wassy Grand Est
38%
Xonrupt-Longemer Grand Est
38%
Quetigny Bourgogne-Franche-Comté
31%
Xertigny Grand Est
31%
Uzerche Nouvelle-Aquitaine
31%
Xanton-Chassenon Pays de la Loire
8%
Aucun quiz correspondant
Distribution des résultats
% des personnes avec chaque résultat
Percentile par nombre de réponses
Votre historique - résultats
Vous n’avez pas pris ce quiz